Tippa di persisiran pantai

Bibliographic Details
Format: Book
Published: Kuala lumpur : Penerbitan fargoes sdn.bhd. , 1996
Series:Siri kawanku riang

MARC

LEADER 00000cam a2200000 7i4500
001 0000077236
005 20171220.0
008 171220
020 |a 9830411060 
090 0 0 |a JAW 
245 0 0 |a Tippa di persisiran pantai 
260 |a Kuala lumpur :   |b Penerbitan fargoes sdn.bhd. ,   |c 1996 
490 1 |a Siri kawanku riang 
999 |a 0000770784   |b Book   |c Children Collection   |e Cawangan Bandar Penawar 
999 |a 0000770787   |b Book   |c Children Collection   |e Cawangan Bandar Penawar 
999 |a 0000774812   |b Book   |c Children Collection   |e Cawangan Pontian 
999 |a 0000774813   |b Book   |c Children Collection   |e Cawangan Pontian 
999 |a 0000774815   |b Book   |c Children Collection   |e Cawangan Pontian 
999 |a 0000774816   |b Book   |c Children Collection   |e Cawangan Pontian 
999 |a 0000788118   |b Book   |c Children Collection   |e Cawangan Segamat 
999 |a 0000866883   |b Book   |c Children Collection   |e Cawangan Segamat 
999 |a 0000866884   |b Book   |c Children Collection   |e Cawangan Segamat